Palmas de Colombia : (Registro nro. 8117)
[ vista simple ]
| 000 -CABECERA | |
|---|---|
| Campo de control | 01862nam a22002537a 4500 |
| 005 - FECHA Y HORA DE LA ULTIMA TRANSACCION | |
| Campo de control | 20200104041623.0 |
| 008 - ELEMENTOS DE LONGITUD FIJA—INFORMACION GENERAL | |
| Campo de control | 101008s2010 ck abo r 001 0 spa d |
| 020 ## - ISBN | |
| ISBN | 9789587195019 |
| 040 ## - FUENTE DE CATALOGACIÓN | |
| Agencia catalogadora original | CO-BoIAVH |
| Agencia transcriptora | CO-BoIAVH |
| 041 0# - IDIOMA | |
| Código de idioma para texto/pista de sonido o título separado | Español |
| 044 ## - PAÍS DE PUBLICACIÓN | |
| País de publicación | Colombia |
| 082 04 - NUMERO DE CLASIFICACION DECIMAL DEWEY | |
| Número de clasificación | 584.5 |
| Número del ítem | G15p |
| 100 1# - ASIENTO PRINCIPAL--NOMBRE PERSONAL | |
| Nombre personal | Galeano-Garcés, Gloria Amparo |
| Fechas asociadas con el nombre | 1958- |
| 245 10 - MENCION DE TITULO | |
| Título | Palmas de Colombia : |
| Parte restante del título | Guía de campo / |
| Mención de responsabilidad | Gloria Amparo Galeano-Garcés y Rodrigo Germán Bernal González ; editor invitado Henrik Balslev ; ilustraciones Eduard Martínez |
| 260 ## - PUBLICACION, DISTRIBUCION, ETC. (PIE DE IMPRENTA) | |
| Lugar de publicación, distribución, etc. | Bogotá |
| Nombre del editor, distribuidor, etc. | Universidad Nacional de Colombia, Facultad de Ciencias, Instituto de Ciencias Naturales |
| Fecha de publicación, distribución, etc. | 2010 |
| 300 ## - DESCRIPCION FISICA | |
| Extensión | 688 p. |
| Otros detalles físicos | il., fotos y mapas a color |
| Dimensiones | 23 cm. |
| 504 ## - NOTA DE BIBLIOGRAFIA, ETC. | |
| Nota de bibliografía | Incluye referencias bibliográficas (p. 653-659), glosario e índices. |
| 505 0# - NOTA DE CONTENIDO | |
| Title | Estructura de las palmas.Distribución, Ecología, Usos, Conservación, Estudio de las palmas en Colombia.Clasificación, Nomenclatura, Plantas que pueden confundirse con palmas, Palmas Nativas de Colombia, Clave para identificar los géneros de palmas de Colombia, Raphia, Lepidocaryum, Mauritia, Mauritiella, Coccothrinax, Chelyocarpus, Cryosophila, Itaya, Acoelorrhaphe, Copernicia, Ceroxylon, Ammandra, Phytelephas, Iriartella. Dictyocaryum, Socratea, Wettinia, Synechanthus, Chamaedorea, Roystonea, Reinhardtia, Attalea, Cocos, Syagrus, Parajubaea, Acrocomia, Astrocaryum, Aiphanes, Bactris, Desmoncus, Elaeis, Manicaria, Hyospathe, Euterpe, Prestoea, Oenocarpus, Welfia, Pholidostachys, Calyptrogyne, Asterogyne, Geonoma, Leopoldinia, Lista de las palmas de Colombia, Palmas exóticas cultivadas en Colombia |
| 650 14 - ASIENTO SECUNDARIO DE MATERIA - TERMINO TEMATICO | |
| Término temático o nombre geográfico como elemento de entrada | Palmas |
| Subdivisión geográfica | Colombia |
| Subdivisión de forma | Clasificación |
| 700 1# - ASIENTO SECUNDARIO - NOMBRE PERSONAL | |
| Nombre personal | Bernal González, Rodrigo Germán |
| Fechas asociadas con el nombre | 1959- |
| 700 1# - ASIENTO SECUNDARIO - NOMBRE PERSONAL | |
| Nombre personal | Balslev, Henrik |
| Fechas asociadas con el nombre | 1951- |
| Término de relación | Ed. |
| 700 1# - ASIENTO SECUNDARIO - NOMBRE PERSONAL | |
| Nombre personal | Martínez, Eduard |
| Término de relación | Il. |
| 942 ## - ELEMENTOS ADICIONALES (KOHA) | |
| Sistema de clasificación | Dewey Decimal Classification |
| Tipo de ítem | Impreso |
| Koha issues (borrowed), all copies | 4 |
| Withdrawn status | Lost status | Sistema de Clasificación | Damaged status | No para préstamo | Colección | Inventariado | Ubicación Permanente | Ubicación actual | Fecha de adquisición | Fuente de Valor | Valor | Total Checkouts | Total Renewals | Número topográfico | Inventario / Código de Barras | Date last seen | Date checked out | Ejemplar | Price effective from | Forma de adquisición | Tipo de material |
|---|---|---|---|---|---|---|---|---|---|---|---|---|---|---|---|---|---|---|---|---|---|
| Dewey Decimal Classification | General | Inventariado 2017 | Bogotá | Bogotá | 18/02/2014 | Instituto | 39000.00 | 5 | 2 | LB-584.5 G15p | 034024 | 30/08/2018 | 14/08/2018 | Ej. 1 | 18/02/2014 | Libro |